000 01200nab a22002897a 4500
999 _c6499
_d6499
003 OSt
005 20260213114853.0
008 190429b xxu||||| |||| 00| 0 spa d
040 _cPJ
100 _97109
_aZottig, Gustavo
245 1 3 _aEl Código Procesal Penal Federal, hacia un nuevo paradigma en el proceso penal /
_cGustavo Zottig.
260 _cCiudad Autónoma de Buenos Aires :
_aThomson Reuters La Ley,
_b2024.
300 _ap. 27-45
500 _aCita: TR LALEY AR/DOC/1092/2024.
505 _aSumario: I. Introducción.— II. Doctrina.— III. Experiencias locales y regionales.— IV. Conclusión.
505 _tSi te interesa el texto completo, solicitalo a koha@justierradelfuego.gov.ar
650 0 _9343
_aDERECHO PENAL
650 0 _92348
_aPROCESO PENAL
650 0 _92676
_aJUICIO ORAL
650 0 _94022
_aMINISTERIO PÚBLICO FISCAL
650 0 _94885
_aDERECHOS DE LA VÍCTIMA
650 0 _92716
_aINSTRUCCIÓN
650 0 _92678
_aACCIÓN PENAL
650 0 _93927
_aCARGA DE LA PRUEBA
773 0 _02658
_93164
_tRevista de derecho penal y criminología. Nº 7 - Junio 2024
_dCiudad Autónoma de Buenos Aires : Thomson Reuters La Ley, 2017-
_x00347914
942 _2udc
_cANA